000 00655nam a2200217 u 4500
005 20240228064002.0
008 090512s2004 es r 000 0 spa d
020 _a8426573924
035 _aUPN01000170367
049 _aI
050 4 _aPZ78
_bL3.84 2004
100 1 _aLalana, Fernando,
_d1958-
_930475
245 1 3 _aEl viaje de Doble-P /
_cFernando Lalana ; il. Estrella Fages.
250 _a21a ed.
260 _aMadrid :
_bCasals,
_c2004.
300 _a143 p. :
_bil.
440 0 _aPunto juvenil ;
_v3.
_pA partir de 9 años
650 4 _aLibros y lectura para niños
_92290
650 4 _aSERES EXTRATERRESTRES -
_vNOVELA
_94340
905 _aInfantil
999 _c142472
_d142472